000 00605nam a2200229Ia 4500
003 OSt
005 20221006165212.0
006 a|||||r|||| 00| 0
007 ta
008 221006b |||||||| |||| 00| 0 eng d
024 _a3,007
037 _cTextual
040 _aFML
_cFML
_beng
041 _2eng
_aeng
082 _aNRwM78, K4
100 _aSingh Naina Ripjit Au.
_9679303
245 0 _aMushtaq Hussain Khan
260 _aNew Delhi
_bSangeet Natak Acadmy
_c1964
300 _a22
_ccm.
942 _hNRwM78, K4
_cTEXL
_2CC
999 _c1119980
_d1119980